| 000 | 00478nam a22001577a 4500 | ||
|---|---|---|---|
| 999 |
_c1930 _d1930 |
||
| 008 | 200207b ||||| |||| 00| 0 eng d | ||
| 082 | 0 | 0 |
_a621.3 _bM727 |
| 100 |
_91476 _aMollow, E. |
||
| 245 | 1 | 0 |
_aTesting electrical installations and machines: a practical work for contractors, wire men and works electricians _cby E Molloy |
| 250 | _a4th | ||
| 260 |
_aLondon _bGeorge Newnes Ltd. _c1947 |
||
| 300 | _aviii,203p. | ||
| 365 | _d5.03 | ||
| 650 | 0 | _aElectric Testing | |
| 942 | _cBK | ||